| 000 | 00550nam a2200181Ia 4500 | ||
|---|---|---|---|
| 003 | IN-BaIIA | ||
| 008 | 211028s9999 xx 000 0 eng d | ||
| 040 | _cIIA Library | ||
| 080 |
_a54:53(047.1) _bACP-16 |
||
| 245 | 0 |
_aAdvances in chemical physics _bvol. 16 _cedited by I. Prigogine and S. A. Rice |
|
| 260 |
_aLondon _bJohn Wiley & Sons _c1969 |
||
| 300 | _aix, 419p. | ||
| 650 | _aAstronomy and Astrophysics Thesaurus | ||
| 650 |
_aAstronomy-History _9900 |
||
| 700 |
_aPrigogine, I., ed. _97360 |
||
| 700 |
_aRice, S. A., ed. _97361 |
||
| 942 | _cBK | ||
| 999 |
_c4186 _d4186 |
||